Historia de Oriente /
محفوظ في:
المؤلف الرئيسي:
التنسيق: كتاب
اللغة: Spanish
منشور في:
Guatemala :
Tipografia Nacional,
1947-1951.
الموضوعات:
الوسوم: إضافة وسم
لا توجد وسوم, كن أول من يضع وسما على هذه التسجيلة!
رقم الطلب: DS33 .B6 v.1-2
| LEADER | 00629namaa2200217 4500 | ||
|---|---|---|---|
| 001 | 20613 | ||
| 003 | OSt | ||
| 005 | 20251124105506.0 | ||
| 008 | 130303m19471951au a b 000 0 spa d | ||
| 010 | |a 56025512 | ||
| 040 | |c ARCE Library | ||
| 050 | 4 | |a DS33 .B6 v.1-2 | |
| 100 | 1 | |a Bosch Gimpera, Pedro, |d 1891-1974, |e author | |
| 245 | 1 | 0 | |a Historia de Oriente / |c Pedro Bosch Gimpera. |
| 264 | 1 | |a Guatemala : |b Tipografia Nacional, |c 1947-1951. | |
| 300 | |a 2 volumes : |b illustrations ; |c 24 cm. | ||
| 504 | |a Includes bibliographical references. | ||
| 650 | 0 | |a Orient |x History. | |
| 901 | |a reviewed | ||
| 942 | |c BK |2 lcc | ||
| 999 | |c 18212 |d 18212 | ||
